VULKANICKÉ ŠTRUKTÚRY VO VÝCHODOSLOVENSKEJ NEOGÉNNEJ PANVE A ICH VÝZNAM

Bibliographic Details
Main Author: Ďurica, Dušan, 1932- (Author)
Format: Article
Language:Slovak

MARC

LEADER 00000nab a2200000ua 4500
001 vtls010845277
003 SK-MaSNL
005 20260303140305.0
008 230218s1965 xo |||||||||||||||||slo|
035 |a (urnnbn)urn:nbn:sk:snk:ar-a074b2 
035 |a urn:nbn:sk:snk-ab66xv 
035 |a (uuid)7de85e3b-688b-4aaf-8820-70df48a26f8c 
040 |a SNKBUCL  |b slo  |c SNKBUCL  |e AACR2 
041 0 |a slo 
044 |a xo  |c SK 
100 1 |a Ďurica, Dušan,  |d 1932-  |4 aut  |9 154839 
245 1 0 |a VULKANICKÉ ŠTRUKTÚRY VO VÝCHODOSLOVENSKEJ NEOGÉNNEJ PANVE A ICH VÝZNAM  |c Dušan Ďurica 
773 0 |t Geologické práce : správy  |g Roč. 37, č. 37 (1965), s. 45-54 
954 |a odborná, vedecká literatúra pôvodná (slovenská)  |2 lita 
958 |a OND 
958 |a EUIPO 
958 |a article5 
999 |c 1971021  |d 1972951